[Event "IECC CL5-2009.17 email"]
[Site "IECC email"]
[Date "2009.08.15"]
[Round "?"]
[White "Garnier, Patrick"]
[Black "Cuaycong, Virgilio"]
[Result "0-1"]
[WhiteElo "1454"]
[BlackElo "1568"]
[PlyCount "42"]
[EventDate "2009.??.??"]
[EventType "tourn (corr)"]
[EventRounds "4"]
[SourceTitle "Telechess CBM 137"]
[Source "ChessBase"]
[SourceDate "2010.07.15"]
[SourceVersion "1"]
[SourceVersionDate "2010.07.15"]
[SourceQuality "1"]
[WhiteTeam "France"]
[BlackTeam "Philippines"]
[WhiteTeamCountry "FRA"]
[BlackTeamCountry "PHI"]

1. e4 c5 2. Nf3 e6 3. d4 cxd4 4. Nxd4 a6 5. c4 Nf6 6. Bd3 Nc6 7. Nxc6 dxc6 8. 0-0 Qc7 9. Nc3 e5 10. Be3 Ng4 11. Qf3 Nxe3 12. Qxe3 Be7 13. Ne2 0-0 14. Ng3 Rd8 15. Rad1 g6 16. f4 Bg4 17. Be2 exf4 18. Qxf4 Qxf4 19. Rxd8+ Rxd8 20. Rxf4 Bxe2 21. Nxe2 Bc5+ 0-1

[Event "IECC KO-2052"]
[Site "IECC email"]
[Date "2005.02.16"]
[Round "?"]
[White "Garnier, Patrick"]
[Black "Manis, Jose"]
[Result "0-1"]
[WhiteElo "1472"]
[BlackElo "1683"]
[PlyCount "40"]
[EventDate "2004.01.13"]
[EventType "match (corr)"]
[EventRounds "2"]
[SourceTitle "Corr 2020"]
[Source "ChessBase"]
[SourceDate "2019.09.30"]
[SourceVersion "1"]
[SourceVersionDate "2019.09.30"]
[SourceQuality "1"]
[WhiteTeam "France"]
[BlackTeam "United States"]
[WhiteTeamCountry "FRA"]
[BlackTeamCountry "USA"]

1. d4 Nf6 2. c4 e6 3. Nc3 Bb4 4. Qc2 c5 5. dxc5 0-0 6. Bd2 Bxc5 7. Nf3 Nc6 8. Bg5 d5 9. e4 d4 10. e5 dxc3 11. exf6 Nd4 12. Nxd4 cxb2 13. Qxb2 Bxd4 14. fxg7 Bxb2 15. Bxd8 Rxd8 16. Rb1 Bc3+ 17. Ke2 Rd2+ 18. Kf3 Bd4 19. Be2 Rxa2 20. Rhd1 e5 0-1

[Event "IECC Swiss-479.1"]
[Site "IECC email"]
[Date "2004.01.20"]
[Round "?"]
[White "Garnier, Patrick"]
[Black "Weir, Tony"]
[Result "0-1"]
[WhiteElo "1472"]
[BlackElo "1950"]
[PlyCount "66"]
[EventDate "2004.??.??"]
[EventType "swiss (corr)"]
[EventRounds "1"]
[SourceTitle "Corr 2020"]
[Source "ChessBase"]
[SourceDate "2019.09.30"]
[SourceVersion "1"]
[SourceVersionDate "2019.09.30"]
[SourceQuality "1"]
[WhiteTeam "France"]
[BlackTeam "England"]
[WhiteTeamCountry "FRA"]
[BlackTeamCountry "ENG"]

1. e4 d5 2. exd5 Qxd5 3. Nc3 Qa5 4. d4 Nf6 5. Nf3 c6 6. Bd2 Bf5 7. Ne4 Qc7 8. Nxf6+ gxf6 9. Bc4 e6 10. Bb3 Nd7 11. Qe2 0-0-0 12. 0-0-0 c5 13. Be3 Nb6 14. dxc5 Bxc5 15. Nd4 Qe5 16. Nxf5 Qxf5 17. Rd3 Bxe3+ 18. Qxe3 Rxd3 19. cxd3 Rd8 20. Bc2 Qd5 21. Kb1 Qxg2 22. Qe1 Rg8 23. d4 f5 24. Bb3 Kd7 25. Bd1 Qd5 26. Bh5 Rg5 27. Bxf7 f4 28. Rf1 Qf5+ 29. Ka1 Qxf7 30. Qe4 Nd5 31. h3 Qg6 32. Qxg6 Rxg6 33. a3 Rg2 0-1

[Event "IECC M email"]
[Site "IECC email"]
[Date "1999.01.31"]
[Round "?"]
[White "Garnier, Patrick"]
[Black "Torwong, Peerapol"]
[Result "0-1"]
[WhiteElo "1542"]
[BlackElo "1674"]
[PlyCount "38"]
[EventDate "1999.??.??"]
[EventType "tourn (corr)"]
[EventRounds "6"]
[SourceTitle "Corr 2008"]
[Source "ChessBase"]
[SourceDate "2008.06.24"]
[SourceVersion "1"]
[SourceVersionDate "2008.06.24"]
[SourceQuality "1"]

1. d4 Nf6 2. c4 e6 3. Nc3 Bb4 4. e3 b6 5. Bd3 Bb7 6. Nf3 Ne4 7. Qc2 f5 8. 0-0 Bxc3 9. bxc3 0-0 10. Qb3 c5 11. Rd1 Nc6 12. Ba3 d6 13. dxc5 Na5 14. Qc2 Nxc5 15. Be2 Be4 16. Qb2 Bxf3 17. Bxf3 Nxc4 18. Qb4 d5 19. Rd4 a5 0-1